003370000a2200073000450024501240000004100140012410000190013877301060015710aOcnaceas de las sierras de Chiribiquete y de La Macarena () consideraciones taxonómicas y fitogeográficas0 aEspañol1 aSastre, Claude1 tRevista de la Academia Colombiana de Ciencias Exactas, Fisicas y Naturales332h74q499-508d1995g19